Japanese Placenames in English #2 - Statistics

General Stats
  • This quiz has been taken 130 times
  • The average score is 10 of 15
Answer Stats
Japanese Placename Placename in English % Correct
千葉 Chiba
88%
岡山 Okayama
86%
長野 Nagano
82%
熊本 Kumamoto
81%
奈良 Nara
74%
徳島 Tokushima
73%
高知 Kochi
70%
埼玉 Saitama
68%
新潟 Niigata
65%
盛岡 Morioka
60%
岐阜 Gifu
59%
函館 Hakodate
59%
別府 Beppu
58%
下関 Shimonoseki
42%
稚内 Wakkanai
40%
No matching quizzes found
Score Distribution
Percent of People with Each Score
Percentile by Number Answered
Your Score History
You have not taken this quiz